INNOVATIONS KEY TO BUSINESS SUCCESS (Record no. 10836)

MARC details
000 -LEADER
fixed length control field 00361nam a2200133Ia 4500
008 - FIXED-LENGTH DATA ELEMENTS--GENERAL INFORMATION
fixed length control field 240624s9999 xx 000 0 und d
041 ## - LANGUAGE CODE
Language code of text/sound track or separate title eng
082 ## - DEWEY DECIMAL CLASSIFICATION NUMBER
Classification number 658.406 SOR
100 ## - MAIN ENTRY--PERSONAL NAME
Personal name SORENSEN DAVID P
245 ## - TITLE STATEMENT
Title INNOVATIONS KEY TO BUSINESS SUCCESS
260 ## - PUBLICATION, DISTRIBUTION, ETC.
Date of publication, distribution, etc. 2004
Place of publication, distribution, etc. New Delhi
Name of publisher, distributor, etc. Viva Books Pvt. Ltd.
300 ## - PHYSICAL DESCRIPTION
Extent viii, : 71 : p. : cm. ; 22
365 ## - TRADE PRICE
Currency code RS
Price amount 33
Holdings
Withdrawn status Lost status Damaged status Not for loan Home library Current library Shelving location Date acquired Source of acquisition Cost, normal purchase price Total Checkouts Total Holds Full call number Barcode Date last seen Date last checked out Copy number Price effective from Koha item type
        IMTN IMTN Rack 31-A 10/06/2008 AP 99.00 1 1280 658.406 SOR 10836 10/17/2025 10/06/2025 1 06/24/2024 Books
Designed & Maintained by: LRC IMT Nagpur Contact: lrc@imtnag.ac.in© 2024. All Rights Reserved.